[Event "Europa ch 2014"]
[Site "Yerevan ARM"]
[Date "2014.03.11"]
[Round "8.8"]
[White "Navara, David"]
[Black "Shomoev, Anton"]
[Result "1-0"]
[WhiteElo "2700"]
[BlackElo "2581"]
[PlyCount "43"]
[EventDate "2014.03.03"]
[EventType "swiss"]
[EventRounds "11"]
[EventCountry "ARM"]
[Source "lmi"]
[SourceDate "2014.03.02"]

1. d4 Nf6 2. c4 e6 3. Nf3 d5 4. Nc3 c6 5. e3 Nbd7 6. Qc2 Bd6 7. Bd3 O-O 8. O-O
e5 9. cxd5 cxd5 10. e4 exd4 11. Nxd5 Nxd5 12. exd5 h6 13. b3 Ne5 14. Nxe5 Bxe5
15. Re1 Qxd5 16. Ba3 Rd8 17. Qe2 Qa5 18. Be7 Rd5 19. b4 Qc7 20. Qe4 Bxh2+ 21.
Kh1 Rf5 22. Rac1 1-0

[Event "Europa ch 2014"]
[Site "Yerevan ARM"]
[Date "2014.03.11"]
[Round "8.9"]
[White "Najer, Evgeniy"]
[Black "Inarkiev, Ernesto"]
[Result "1-0"]
[WhiteElo "2633"]
[BlackElo "2698"]
[PlyCount "133"]
[EventDate "2014.03.03"]
[EventType "swiss"]
[EventRounds "11"]
[EventCountry "ARM"]
[Source "lmi"]
[SourceDate "2014.03.02"]

1. e4 e5 2. Nf3 Nc6 3. Bb5 a6 4. Ba4 Nf6 5. O-O Be7 6. d3 b5 7. Bb3 d6 8. a4 b4
9. Nbd2 O-O 10. a5 Rb8 11. c3 Be6 12. Nc4 bxc3 13. bxc3 h6 14. Re1 Qc8 15. Bc2
Rd8 16. Qe2 Bf8 17. h3 g6 18. Ne3 d5 19. c4 dxe4 20. dxe4 Nd7 21. Nf5 Kh7 22.
Qe3 Nb4 23. Bb1 Nc5 24. Nxh6 Nbd3 25. Bxd3 Nxd3 26. Ng5+ Kg7 27. Qg3 f6 28. Qh4
Bc5 29. Ng4 Rh8 30. Nxe6+ Qxe6 31. Bh6+ Kf7 32. Red1 Rbd8 33. Rab1 Qc6 34. Rb3
Nxf2 35. Nxe5+ Ke6 36. Nxc6 Rxd1+ 37. Kh2 Rh1+ 38. Kg3 g5 39. Qh5 Nxe4+ 40. Kf3
Nd2+ 41. Ke2 Nxb3 42. Qf3 Nd4+ 43. Nxd4+ Bxd4 44. Qc6+ Ke7 45. Qxc7+ Ke6 46.
Qc6+ Ke7 47. Qb7+ Ke6 48. Qd5+ Ke7 49. Qxd4 Rxh6 50. Qa7+ Kf8 51. Qxa6 Ra1 52.
c5 Ra2+ 53. Kd3 Ra3+ 54. Kc2 Rh4 55. Qxf6+ Ke8 56. Qe6+ Kf8 57. Qf6+ Ke8 58.
Qe6+ Kf8 59. c6 Raa4 60. g4 Rh7 61. Qc8+ Kg7 62. c7 Rc4+ 63. Kb3 Rd4 64. Kc3
Rd6 65. Qg8+ Kh6 66. Qxh7+ Kxh7 67. c8=Q 1-0

[Event "Europa ch 2014"]
[Site "Yerevan ARM"]
[Date "2014.03.11"]
[Round "8.10"]
[White "Perunovic, Milos"]
[Black "Riazantsev, Alexander"]
[Result "1-0"]
[WhiteElo "2617"]
[BlackElo "2689"]
[PlyCount "99"]
[EventDate "2014.03.03"]
[EventType "swiss"]
[EventRounds "11"]
[EventCountry "ARM"]
[Source "lmi"]
[SourceDate "2014.03.02"]

1. e4 c6 2. d4 d5 3. e5 c5 4. Ne2 cxd4 5. Nxd4 Nc6 6. c4 e6 7. Nc3 Bc5 8. Nxc6
bxc6 9. cxd5 cxd5 10. b4 Bb6 11. Nb5 f6 12. Nd6+ Ke7 13. Bb2 Bc7 14. Qg4 Kf8
15. Nxc8 f5 16. Qd4 Rxc8 17. Ba6 Rb8 18. Rc1 Ne7 19. O-O Kf7 20. a4 Rb6 21. b5
Rb8 22. Ba3 Bb6 23. Qd3 Ng6 24. Bd6 Qg5 25. Qf3 Rhd8 26. Rc6 Ne7 27. Rc2 Ra8
28. Rfc1 Rd7 29. Qa3 Ng6 30. Bc8 Rd8 31. a5 Raxc8 32. axb6 Nf4 33. g3 Ne2+ 34.
Kg2 Nxc1 35. Rxc8 Rxc8 36. b7 Re8 37. Qxa7 Kg6 38. b8=Q Rxb8 39. Qxb8 Nd3 40.
Qe8+ Kh6 41. Qxe6+ Kh5 42. Qe7 Ne1+ 43. Kf1 Qc1 44. Qf7+ Kh6 45. Qxf5 Qd1 46.
e6 Nf3+ 47. Kg2 Ne1+ 48. Kh3 Nf3 49. Bf4+ g5 50. Qf6+ 1-0

[Event "Europa ch 2014"]
[Site "Yerevan ARM"]
[Date "2014.03.11"]
[Round "8.11"]
[White "Tregubov, Pavel V"]
[Black "Sargissian, Gabriel"]
[Result "1/2-1/2"]
[WhiteElo "2614"]
[BlackElo "2676"]
[PlyCount "164"]
[EventDate "2014.03.03"]
[EventType "swiss"]
[EventRounds "11"]
[EventCountry "ARM"]
[Source "lmi"]
[SourceDate "2014.03.02"]

1. d4 Nf6 2. c4 e6 3. Nc3 Bb4 4. e3 O-O 5. Bd3 d5 6. Nge2 dxc4 7. Bxc4 Be7 8.
e4 c5 9. d5 exd5 10. exd5 a6 11. a4 Bd6 12. O-O Nbd7 13. Bf4 Ne5 14. b3 Bf5 15.
Qd2 Re8 16. Ng3 Bg6 17. Bg5 h6 18. Bh4 Be7 19. f4 Nxc4 20. bxc4 Nxd5 21. Nxd5
Bxh4 22. f5 Bh7 23. Rab1 Rb8 24. Rb6 Qg5 25. Qxg5 Bxg5 26. Rfb1 Bh4 27. Rxb7
Rxb7 28. Rxb7 Bxf5 29. Ne7+ Bxe7 30. Nxf5 Bg5 31. Rc7 g6 32. Nd6 Re6 33. Nb7
Rf6 34. g3 Be3+ 35. Kg2 Rf2+ 36. Kh1 Rf5 37. Rc6 a5 38. Nxa5 Rf1+ 39. Kg2 Rf2+
40. Kh1 Ra2 41. Rc8+ Kh7 42. Re8 Bf2 43. Nc6 Rxa4 44. Re2 Bd4 45. Nxd4 cxd4 46.
Rc2 Kg7 47. c5 Kf6 48. c6 Ra8 49. c7 Rc8 50. Kg2 Ke5 51. Kf3 f5 52. h4 Kd6 53.
Rc4 Kd5 54. Rc2 g5 55. hxg5 hxg5 56. Rc1 Kd6 57. Rc4 Rxc7 58. Rxd4+ Ke5 59. Rd2
Rc3+ 60. Kf2 Ke4 61. Re2+ Kd4 62. Re8 Rc2+ 63. Kf1 g4 64. Re7 Rc3 65. Kf2 Rf3+
66. Kg2 Re3 67. Rd7+ Ke4 68. Re7+ Kd3 69. Rd7+ Kc4 70. Kf2 Re5 71. Ra7 Rb5 72.
Rd7 Rd5 73. Re7 Kc3 74. Re8 Rd2+ 75. Ke3 Rd3+ 76. Kf2 Kd2 77. Re2+ Kc1 78. Re5
Rf3+ 79. Kg2 Kd2 80. Ra5 Ke3 81. Ra3+ Ke2 82. Ra2+ Ke3 1/2-1/2

[Event "Europa ch 2014"]
[Site "Yerevan ARM"]
[Date "2014.03.11"]
[Round "8.12"]
[White "Bok, Benjamin"]
[Black "Popov, Ivan RUS"]
[Result "0-1"]
[WhiteElo "2575"]
[BlackElo "2650"]
[PlyCount "116"]
[EventDate "2014.03.03"]
[EventType "swiss"]
[EventRounds "11"]
[EventCountry "ARM"]
[Source "lmi"]
[SourceDate "2014.03.02"]

1. e4 e5 2. Nf3 Nc6 3. Bb5 a6 4. Ba4 Nf6 5. O-O Nxe4 6. d4 b5 7. Bb3 d5 8. dxe5
Be6 9. Nbd2 Be7 10. c3 O-O 11. Nd4 Nxd4 12. cxd4 Nxd2 13. Bxd2 c5 14. dxc5 Bxc5
15. Rc1 Qb6 16. Qe2 Rac8 17. Rfd1 d4 18. Qd3 Bxb3 19. axb3 Qe6 20. f4 Bb6 21.
Ra1 Bc5 22. Rf1 f5 23. exf6 Qxf6 24. Rac1 Bb6 25. g3 Rxc1 26. Rxc1 Re8 27. Kg2
g6 28. Qf3 Qf5 29. g4 Qd7 30. Kg3 d3 31. Rc3 Rd8 32. Rc6 Qd4 33. f5 Bc5 34.
fxg6 Bd6+ 35. Kh3 hxg6 36. Bc3 Qf4 37. Qxf4 Bxf4 38. Rxg6+ Kh7 39. Rg7+ Kh6 40.
Rf7 d2 41. Rf6+ Kh7 42. Bxd2 Bxd2 43. Rxa6 Bg5 44. Kg2 Rd3 45. Ra3 b4 46. Ra7+
Kg6 47. Ra6+ Kg7 48. Ra5 Be7 49. g5 Kg6 50. h4 Kh5 51. Ra7 Bd6 52. Rh7+ Kg4 53.
g6 Rd2+ 54. Kf1 Kf3 55. Ke1 Bf4 56. Rf7 Rc2 57. Rd7 Rh2 58. Kd1 Rh1+ 0-1

[Event "Europa ch 2014"]
[Site "Yerevan ARM"]
[Date "2014.03.11"]
[Round "8.13"]
[White "Shimanov, Aleksandr"]
[Black "Anton Guijarro, David"]
[Result "0-1"]
[WhiteElo "2649"]
[BlackElo "2559"]
[PlyCount "82"]
[EventDate "2014.03.03"]
[EventType "swiss"]
[EventRounds "11"]
[EventCountry "ARM"]
[Source "lmi"]
[SourceDate "2014.03.02"]

1. Nf3 Nf6 2. c4 g6 3. d4 Bg7 4. g3 c6 5. Bg2 O-O 6. Nc3 d5 7. cxd5 cxd5 8. Ne5
e6 9. O-O Nfd7 10. f4 Nc6 11. Be3 Nb6 12. Bf2 Bd7 13. e4 Ne7 14. Nxd7 Qxd7 15.
e5 Rac8 16. g4 Nc4 17. Qe2 b5 18. Rfc1 b4 19. Nd1 Bh6 20. b3 Bxf4 21. bxc4 Bxc1
22. Rxc1 Rxc4 23. Rb1 Rfc8 24. Qd2 a5 25. Ne3 Rc3 26. Bh4 h6 27. Be1 Qc7 28.
Bf1 g5 29. h4 Ng6 30. hxg5 hxg5 31. Ng2 Rc1 32. Rb3 Qe7 33. Bd3 Nf4 34. Bb1
R8c4 35. Nxf4 gxf4 36. Bd3 Rc8 37. Kg2 Qg5 38. Qe2 Qh6 39. Rb1 f3+ 40. Kxf3
Qh1+ 41. Kf2 R1c2 0-1

[Event "Europa ch 2014"]
[Site "Yerevan ARM"]
[Date "2014.03.11"]
[Round "8.14"]
[White "Goganov, Aleksey"]
[Black "Hammer, Jon Ludvig"]
[Result "1/2-1/2"]
[WhiteElo "2569"]
[BlackElo "2647"]
[PlyCount "81"]
[EventDate "2014.03.03"]
[EventType "swiss"]
[EventRounds "11"]
[EventCountry "ARM"]
[Source "lmi"]
[SourceDate "2014.03.02"]

1. d4 Nf6 2. c4 e6 3. Nf3 d5 4. Nc3 Bb4 5. Qb3 c5 6. dxc5 Na6 7. a3 Bxc3+ 8.
Qxc3 Nxc5 9. cxd5 Qxd5 10. Be3 Nce4 11. Qe5 Qxe5 12. Nxe5 Nd5 13. Bc1 Bd7 14.
f3 Nc5 15. e4 Nb3 16. Rb1 Nb6 17. Be3 Rc8 18. Nxd7 Kxd7 19. Bd3 Ke7 20. Ke2 e5
21. Rhd1 Rhd8 22. Kf1 f6 23. Bb5 Nc4 24. Bxc4 Rxc4 25. Rxd8 Kxd8 26. Rd1+ Kc7
27. Rd3 Nc5 28. Rd5 b6 29. Ke2 Rc2+ 30. Rd2 Rxd2+ 31. Kxd2 Kc6 32. Kc3 a6 33.
Bxc5 Kxc5 34. b4+ Kb5 35. Kb3 Kc6 36. Kc4 b5+ 37. Kd3 Kd6 38. Ke3 Ke6 39. g4 g6
40. h4 h6 41. Kf2 1/2-1/2

[Event "Europa ch 2014"]
[Site "Yerevan ARM"]
[Date "2014.03.11"]
[Round "8.15"]
[White "Fressinet, Laurent"]
[Black "Nigalidze, Gaioz"]
[Result "1-0"]
[WhiteElo "2709"]
[BlackElo "2527"]
[PlyCount "91"]
[EventDate "2014.03.03"]
[EventType "swiss"]
[EventRounds "11"]
[EventCountry "ARM"]
[Source "lmi"]
[SourceDate "2014.03.02"]

1. Nf3 d5 2. g3 Nf6 3. Bg2 c6 4. O-O Nbd7 5. d4 e6 6. Nbd2 Be7 7. Re1 O-O 8. e4
c5 9. e5 Ne8 10. c3 b6 11. Nf1 Bb7 12. h4 Nc7 13. Bf4 Nb8 14. N1h2 Nc6 15. Ng4
Ba6 16. h5 cxd4 17. cxd4 Nb4 18. h6 g6 19. Bf1 Bxf1 20. Rxf1 Rc8 21. a3 Nc6 22.
Qe2 Na5 23. Rac1 Nc4 24. a4 b5 25. axb5 g5 26. Be3 Nxb5 27. Qd3 Kh8 28. Nd2
Nxd2 29. Qxd2 Rb8 30. Rc6 Rg8 31. Rfc1 Rg6 32. Qc2 Qa5 33. Rc8+ Rg8 34. Rxg8+
Kxg8 35. Qe2 Qd8 36. Qf3 Kf8 37. Kg2 Nc7 38. Nf6 Bxf6 39. exf6 g4 40. Qxg4 Ne8
41. Bf4 Rxb2 42. Be5 a5 43. Qf3 Rb4 44. Rc5 Rc4 45. Rb5 a4 46. Rb7 1-0

[Event "Europa ch 2014"]
[Site "Yerevan ARM"]
[Date "2014.03.11"]
[Round "8.16"]
[White "Hovhannisyan, Robert"]
[Black "Bacrot, Etienne"]
[Result "1/2-1/2"]
[WhiteElo "2611"]
[BlackElo "2739"]
[PlyCount "135"]
[EventDate "2014.03.03"]
[EventType "swiss"]
[EventRounds "11"]
[EventCountry "ARM"]
[Source "lmi"]
[SourceDate "2014.03.02"]

1. e4 e5 2. Nf3 Nc6 3. Bb5 Nf6 4. O-O Nxe4 5. d4 Nd6 6. Bxc6 dxc6 7. dxe5 Nf5
8. Qxd8+ Kxd8 9. h3 Ke8 10. Bf4 Ne7 11. Nbd2 Ng6 12. Bh2 Be7 13. Ne4 c5 14.
Rfe1 Be6 15. Nfg5 Bxg5 16. Nxg5 Rd8 17. Nxe6 fxe6 18. Rad1 Rd4 19. c3 Rxd1 20.
Rxd1 Rf8 21. f3 h5 22. Kf2 h4 23. Re1 Ne7 24. Re4 Nf5 25. Bf4 Kd7 26. Bg5 Rh8
27. Re1 b6 28. Rd1+ Kc8 29. b3 c6 30. Be3 Kc7 31. Rd3 a5 32. a4 Rh5 33. Bf4 Kc8
34. Rd1 Kc7 35. Rd2 Rh8 36. Bg5 Rb8 37. Be3 Rh8 38. Ke2 Rh5 39. Bf2 Rh8 40. Rd1
Rh6 41. Kf1 Rh5 42. Re1 c4 43. bxc4 c5 44. Re4 Kd7 45. Ke2 Rg5 46. Rg4 Rh5 47.
Kd3 Rh8 48. Ke4 Ke7 49. Kd3 Kd7 50. Be1 Rh5 51. Re4 Rg5 52. Re2 Kc7 53. Ke4 Rg6
54. Kf4 Kc6 55. Rb2 Kc7 56. Rd2 Kc8 57. Bxh4 Nxh4 58. g3 Nf5 59. g4 Nh4 60. Rd6
Rh6 61. Kg3 Kc7 62. f4 Ng6 63. g5 Rh8 64. Rxe6 Rxh3+ 65. Kg4 Rh4+ 66. Kg3 Rh3+
67. Kg4 Rh4+ 68. Kg3 1/2-1/2

[Event "Europa ch 2014"]
[Site "Yerevan ARM"]
[Date "2014.03.11"]
[Round "8.17"]
[White "Kryvoruchko, Yuriy"]
[Black "Grigoryan, Avetik"]
[Result "1-0"]
[WhiteElo "2706"]
[BlackElo "2583"]
[PlyCount "99"]
[EventDate "2014.03.03"]
[EventType "swiss"]
[EventRounds "11"]
[EventCountry "ARM"]
[Source "lmi"]
[SourceDate "2014.03.02"]

1. e4 e5 2. Nf3 Nc6 3. Bb5 a6 4. Ba4 Nf6 5. O-O Be7 6. d3 b5 7. Bb3 O-O 8. Nc3
d6 9. a3 Be6 10. Nd5 Na5 11. Nxf6+ Bxf6 12. Bxe6 fxe6 13. b4 Nc6 14. c3 Ne7 15.
Qb3 Qd7 16. a4 Ng6 17. g3 Be7 18. Kg2 d5 19. h4 dxe4 20. dxe4 Qd3 21. Qxe6+ Rf7
22. Ng5 Bxg5 23. Bxg5 Qxe4+ 24. f3 Qc4 25. Qxc4 bxc4 26. Rae1 h6 27. Bc1 c6 28.
Re4 a5 29. bxa5 Rxa5 30. Rxc4 Rfa7 31. Re1 R7a6 32. Ree4 Nf8 33. f4 Nd7 34. Be3
Kf7 35. fxe5 Ke6 36. Rg4 Nxe5 37. Rce4 Kf7 38. Rgf4+ Kg6 39. Bd4 Nd3 40. Rf3 c5
41. Rg4+ Kh5 42. Rxg7 Rg6 43. Rxd3 cxd4 44. Rxg6 Kxg6 45. cxd4 Rxa4 46. d5 Ra7
47. d6 Rd7 48. Kf3 Kf5 49. Rd5+ Ke6 50. Ke4 1-0

[Event "Europa ch 2014"]
[Site "Yerevan ARM"]
[Date "2014.03.11"]
[Round "8.18"]
[White "Almasi, Zoltan"]
[Black "Salgado Lopez, Ivan"]
[Result "1/2-1/2"]
[WhiteElo "2704"]
[BlackElo "2605"]
[PlyCount "103"]
[EventDate "2014.03.03"]
[EventType "swiss"]
[EventRounds "11"]
[EventCountry "ARM"]
[Source "lmi"]
[SourceDate "2014.03.02"]

1. e4 c5 2. Nf3 Nc6 3. d4 cxd4 4. Nxd4 Nf6 5. Nc3 d6 6. Bg5 e6 7. Qd2 a6 8.
O-O-O h6 9. Be3 Qc7 10. f4 Bd7 11. Be2 b5 12. a3 b4 13. axb4 Nxb4 14. Bf3 Rb8
15. Kb1 Be7 16. g4 d5 17. exd5 Nbxd5 18. Nxd5 exd5 19. Nb3 O-O 20. Bd4 a5 21.
Be5 Bd6 22. Bxf6 a4 23. Bc3 axb3 24. Qd4 bxc2+ 25. Kxc2 Ba4+ 26. Qxa4 Rb4 27.
Qa6 d4 28. Qc6 dxc3 29. bxc3 Rb6 30. Qxc7 Bxc7 31. f5 Be5 32. Rd5 Bf6 33. Rc5
Rfb8 34. h3 Rb2+ 35. Kd3 Rd8+ 36. Kc4 Rc2 37. Kb3 Rcd2 38. Be4 Re2 39. Bd5 Re3
40. Rd1 Rb8+ 41. Kc2 Rxh3 42. Rd3 Rh2+ 43. Rd2 Rh3 44. Rc7 Be5 45. Rc5 Bf6 46.
Re2 h5 47. gxh5 Rxh5 48. Rc7 Rf8 49. Rf2 Rh3 50. Re2 Rh5 51. Rf2 Rh3 52. Re2
1/2-1/2

[Event "Europa ch 2014"]
[Site "Yerevan ARM"]
[Date "2014.03.11"]
[Round "8.19"]
[White "Matlakov, Maxim"]
[Black "Onischuk, Vladimir"]
[Result "1-0"]
[WhiteElo "2695"]
[BlackElo "2583"]
[PlyCount "153"]
[EventDate "2014.03.03"]
[EventType "swiss"]
[EventRounds "11"]
[EventCountry "ARM"]
[Source "lmi"]
[SourceDate "2014.03.02"]

1. d4 d6 2. Nf3 g6 3. g3 Bg7 4. Bg2 Nf6 5. O-O O-O 6. c4 Nbd7 7. Nc3 e5 8. e4
c6 9. h3 b6 10. Be3 Bb7 11. Qc2 exd4 12. Nxd4 a6 13. a4 Re8 14. Rad1 Qe7 15.
Rfe1 c5 16. Nf3 Nf8 17. Bf4 Rad8 18. Qd2 Qd7 19. Bg5 Ne6 20. Bh4 Nc7 21. Nh2
Qe7 22. Ng4 h5 23. Nd5 Bxd5 24. exd5 Qxe1+ 25. Rxe1 hxg4 26. Rxe8+ Rxe8 27. Qf4
Re1+ 28. Kh2 Nce8 29. Qd2 Ra1 30. Qe2 Rxa4 31. b3 Ra1 32. Qe7 Bf8 33. Qd8 Kg7
34. Bg5 b5 35. cxb5 axb5 36. Qb6 b4 37. Qb5 Ra2 38. Be3 Kg8 39. Qc4 gxh3 40.
Kxh3 Rb2 41. g4 Nc7 42. g5 Nd7 43. f4 Bg7 44. Bc1 Rb1 45. Qc2 Ra1 46. f5 gxf5
47. Qxf5 Nf8 48. Bf4 Nb5 49. Qd3 Ng6 50. Bg3 Nd4 51. Bxd6 Nxb3 52. Qb5 Nd2 53.
Qe2 Ra3+ 54. Kg4 Bc3 55. Bxc5 Ne5+ 56. Kf5 Ndc4 57. Be7 Ra5 58. g6 fxg6+ 59.
Ke6 b3 60. d6 b2 61. Be4 Ra6 62. Qf1 Bb4 63. Bxg6 Rxd6+ 64. Bxd6 Bxd6 65. Bb1
Bf8 66. Qf6 Bg7 67. Qd8+ Bf8 68. Be4 Nd6 69. Bb1 Ndc4 70. Qb8 Nf7 71. Kf6 Nce5
72. Bf5 b1=Q 73. Qxb1 Bg7+ 74. Ke6 Ng5+ 75. Ke7 Nc6+ 76. Ke8 Bf6 77. Qb6 1-0

[Event "Europa ch 2014"]
[Site "Yerevan ARM"]
[Date "2014.03.11"]
[Round "8.21"]
[White "Alekseev, Evgeny"]
[Black "Parligras, Mircea-Emilian"]
[Result "1/2-1/2"]
[WhiteElo "2692"]
[BlackElo "2572"]
[PlyCount "89"]
[EventDate "2014.03.03"]
[EventType "swiss"]
[EventRounds "11"]
[EventCountry "ARM"]
[Source "lmi"]
[SourceDate "2014.03.02"]

1. e4 e5 2. Nf3 Nc6 3. Bb5 Nf6 4. d3 Bc5 5. c3 O-O 6. O-O d6 7. Nbd2 Ne7 8. d4
exd4 9. cxd4 Bb6 10. Re1 a6 11. Bf1 Bg4 12. h3 Bh5 13. Qb3 d5 14. e5 Nd7 15.
Qe3 c5 16. b3 cxd4 17. Qg5 Bg6 18. Ba3 Re8 19. e6 fxe6 20. Rxe6 Nf5 21. Rxe8+
Qxe8 22. Bd3 Qf7 23. Re1 Qf6 24. Qxf6 gxf6 25. Bb2 Kf7 26. Bxf5 Bxf5 27. Bxd4
Ba5 28. Rc1 Re8 29. Be3 Bd3 30. a3 Ne5 31. Rc5 Bxd2 32. Nxd2 Rd8 33. Rc7+ Rd7
34. Rxd7+ Nxd7 35. f4 Nb8 36. b4 Bc2 37. Kf2 Nc6 38. Nf3 h5 39. g4 hxg4 40.
hxg4 Bd1 41. Kg3 d4 42. Nxd4 Nxd4 43. Bxd4 f5 44. g5 Kg6 45. Kf2 1/2-1/2

[Event "Europa ch 2014"]
[Site "Yerevan ARM"]
[Date "2014.03.11"]
[Round "8.22"]
[White "Grigoriants, Sergey"]
[Black "Volokitin, Andrei"]
[Result "1-0"]
[WhiteElo "2574"]
[BlackElo "2674"]
[PlyCount "73"]
[EventDate "2014.03.03"]
[EventType "swiss"]
[EventRounds "11"]
[EventCountry "ARM"]
[Source "lmi"]
[SourceDate "2014.03.02"]

1. Nf3 c5 2. c4 Nf6 3. Nc3 d5 4. cxd5 Nxd5 5. e4 Nb4 6. Bb5+ N8c6 7. d4 cxd4 8.
a3 dxc3 9. Qxd8+ Kxd8 10. axb4 cxb2 11. Bxb2 f6 12. e5 f5 13. Ng5 Kc7 14. e6 h6
15. Nf7 Rg8 16. Bc4 a6 17. O-O g6 18. Rfc1 Bg7 19. Bxg7 Rxg7 20. Bd5 Kb6 21.
Bxc6 bxc6 22. Ne5 Bb7 23. Rd1 Rgg8 24. Rd7 Rad8 25. Rad1 Rde8 26. Rc1 Rd8 27.
Rcd1 Rde8 28. Rc1 Rd8 29. Nc4+ Ka7 30. Rcd1 Rb8 31. Rxe7 c5 32. bxc5 Rgc8 33.
Nd6 Rxc5 34. Re1 Rb5 35. Rxb7+ R5xb7 36. Nxb7 Kxb7 37. Rb1+ 1-0

[Event "Europa ch 2014"]
[Site "Yerevan ARM"]
[Date "2014.03.11"]
[Round "8.23"]
[White "Zhigalko, Sergei"]
[Black "Vaganian, Rafael A"]
[Result "1-0"]
[WhiteElo "2671"]
[BlackElo "2570"]
[PlyCount "70"]
[EventDate "2014.03.03"]
[EventType "swiss"]
[EventRounds "11"]
[EventCountry "ARM"]
[Source "lmi"]
[SourceDate "2014.03.02"]

1. e4 e6 2. d4 d5 3. Nd2 c5 4. Ngf3 a6 5. dxc5 Bxc5 6. Bd3 Nc6 7. O-O Nge7 8.
e5 Ng6 9. Nb3 b6 10. Re1 a5 11. c3 Ba6 12. Bxa6 Rxa6 13. Qd3 Ra8 14. Qb5 Rc8
15. Be3 Bxe3 16. Rxe3 O-O 17. Nbd4 Nxd4 18. Nxd4 Rc4 19. b3 Rc5 20. Qe2 Qd7 21.
a4 Rfc8 22. Qd2 f6 23. exf6 e5 24. f7+ Qxf7 25. Nf3 e4 26. Nd4 Nh4 27. f3 exf3
28. Nxf3 Nf5 29. Re5 h6 30. Rf1 Nd6 31. Nh4 Qb7 32. c4 Ne4 33. Qd4 Rf8 34.
Rxf8+ Kxf8 35. Ng6+ Kg8 1-0

[Event "Europa ch 2014"]
[Site "Yerevan ARM"]
[Date "2014.03.11"]
[Round "8.24"]
[White "Jianu, Vlad-Cristian"]
[Black "Bartel, Mateusz"]
[Result "1/2-1/2"]
[WhiteElo "2574"]
[BlackElo "2662"]
[PlyCount "81"]
[EventDate "2014.03.03"]
[EventType "swiss"]
[EventRounds "11"]
[EventCountry "ARM"]
[Source "lmi"]
[SourceDate "2014.03.02"]

1. Nf3 f5 2. d4 Nf6 3. g3 g6 4. Bg2 Bg7 5. O-O O-O 6. c4 d6 7. Nc3 c6 8. Re1
Na6 9. b3 Ne4 10. Bb2 Nxc3 11. Bxc3 Nc5 12. Nd2 d5 13. cxd5 cxd5 14. Rc1 Ne4
15. Nxe4 fxe4 16. f3 Bf5 17. Qd2 Qb6 18. Bb2 Rac8 19. fxe4 Bxe4 20. Bxe4 dxe4
21. Qe3 Qe6 22. Rxc8 Rxc8 23. Rc1 Rxc1+ 24. Qxc1 Qd7 25. Kg2 Kf7 26. Qc4+ e6
27. Qc2 Qc6 28. Qxc6 bxc6 29. Kf2 Bh6 30. Ba3 e5 31. dxe5 Ke6 32. Bc5 a6 33.
Bd4 Kd5 34. e3 Bf8 35. Ke2 h5 36. h3 Bb4 37. Kd1 c5 38. Bb2 Ba5 39. Ke2 Bc7 40.
Kd2 Ba5+ 41. Bc3 1/2-1/2

[Event "Europa ch 2014"]
[Site "Yerevan ARM"]
[Date "2014.03.11"]
[Round "8.25"]
[White "Saric, Ivan"]
[Black "Huzman, Alexander"]
[Result "1-0"]
[WhiteElo "2661"]
[BlackElo "2569"]
[PlyCount "129"]
[EventDate "2014.03.03"]
[EventType "swiss"]
[EventRounds "11"]
[EventCountry "ARM"]
[Source "lmi"]
[SourceDate "2014.03.02"]

1. e4 e6 2. d4 d5 3. Nc3 Bb4 4. e5 c5 5. a3 Bxc3+ 6. bxc3 Ne7 7. Qg4 O-O 8. Bd3
Nbc6 9. Qh5 Ng6 10. Nf3 Qc7 11. Be3 c4 12. Bxg6 fxg6 13. Qg4 b5 14. h4 Rf5 15.
Ng5 Qe7 16. f4 h6 17. Nf3 Qf7 18. Qh3 Bd7 19. g4 Rxf4 20. Bxf4 Qxf4 21. Nd2 h5
22. gxh5 gxh5 23. Qf3 Rf8 24. Qxf4 Rxf4 25. Ke2 Ne7 26. Raf1 Rg4 27. Rfg1 Rf4
28. Nf1 Be8 29. Ng3 Bg6 30. Ke3 Rg4 31. Kd2 Rf4 32. Ne2 Rf2 33. Rf1 Rg2 34.
Rfg1 Rf2 35. Ke3 Rxe2+ 36. Kxe2 Bxc2 37. Rh2 Kh7 38. Ke3 Be4 39. Kf4 Kh6 40.
Re2 Ng6+ 41. Kg3 Ne7 42. Rb2 a6 43. a4 bxa4 44. Rb6 Bf5 45. Rxa6 g5 46. hxg5+
Kxg5 47. Rxa4 h4+ 48. Kf3+ Kh5 49. Ra7 Be4+ 50. Ke3 Nf5+ 51. Kf4 Ng3 52. Rxg3
hxg3 53. Kxg3 Kg5 54. Rf7 Bg6 55. Rf6 Bf5 56. Kf3 Bg4+ 57. Ke3 Bf5 58. Kd2 Kf4
59. Kc1 Ke4 60. Kb2 Bg4 61. Ka3 Kd3 62. Kb4 Kd2 63. Rf4 Bh5 64. Rf2+ Kd3 65.
Rg2 1-0

[Event "Europa ch 2014"]
[Site "Yerevan ARM"]
[Date "2014.03.11"]
[Round "8.27"]
[White "Sjugirov, Sanan"]
[Black "Savchenko, Boris"]
[Result "1-0"]
[WhiteElo "2653"]
[BlackElo "2560"]
[PlyCount "75"]
[EventDate "2014.03.03"]
[EventType "swiss"]
[EventRounds "11"]
[EventCountry "ARM"]
[Source "lmi"]
[SourceDate "2014.03.02"]

1. d4 Nf6 2. c4 g6 3. Nc3 Bg7 4. e4 O-O 5. Nf3 d6 6. Be2 e5 7. Be3 exd4 8. Nxd4
Re8 9. f3 c6 10. Bf2 Bh6 11. O-O Nbd7 12. Nb3 Ne5 13. c5 d5 14. exd5 cxd5 15.
Re1 Bg5 16. Bf1 Nc6 17. Rxe8+ Qxe8 18. Nxd5 Qe5 19. Nc3 Be6 20. Qe1 Qf4 21. Ne2
Qc7 22. Nbd4 Re8 23. Nb5 Qb8 24. Nd6 Rd8 25. Nd4 Nxd4 26. Bxd4 Ne8 27. Be5 Qa8
28. b4 Nxd6 29. cxd6 Qc8 30. f4 Bh6 31. Rc1 Qd7 32. Rc7 Qe8 33. Rxb7 Bf8 34.
Bb5 Bd7 35. Rxd7 Rxd7 36. Qc3 f6 37. Bxd7 Qxd7 38. Qc4+ 1-0

[Event "Europa ch 2014"]
[Site "Yerevan ARM"]
[Date "2014.03.11"]
[Round "8.28"]
[White "Zvjaginsev, Vadim"]
[Black "Rozum, Ivan"]
[Result "1/2-1/2"]
[WhiteElo "2653"]
[BlackElo "2505"]
[PlyCount "57"]
[EventDate "2014.03.03"]
[EventType "swiss"]
[EventRounds "11"]
[EventCountry "ARM"]
[Source "lmi"]
[SourceDate "2014.03.02"]

1. e4 c6 2. d4 d5 3. e5 Bf5 4. Be3 Qb6 5. Nd2 Qxb2 6. Rb1 Qxa2 7. Rxb7 e6 8.
Bd3 Bxd3 9. cxd3 Nd7 10. Rb1 Ne7 11. Ngf3 Nf5 12. Ra1 Qb2 13. O-O Qb5 14. Qa4
Be7 15. Rfc1 Qxa4 16. Rxa4 c5 17. Nb3 Nxe3 18. fxe3 cxd4 19. Rc7 dxe3 20. Raxa7
Rxa7 21. Rxa7 e2 22. d4 f6 23. Kf2 fxe5 24. dxe5 Rf8 25. Kxe2 Rf4 26. Ra8+ Kf7
27. Ra7 Ke8 28. Ra8+ Kf7 29. Ra7 1/2-1/2

[Event "Europa ch 2014"]
[Site "Yerevan ARM"]
[Date "2014.03.11"]
[Round "8.29"]
[White "Kotanjian, Tigran"]
[Black "Sutovsky, Emil"]
[Result "0-1"]
[WhiteElo "2531"]
[BlackElo "2652"]
[PlyCount "80"]
[EventDate "2014.03.03"]
[EventType "swiss"]
[EventRounds "11"]
[EventCountry "ARM"]
[Source "lmi"]
[SourceDate "2014.03.02"]

1. d4 Nf6 2. c4 g6 3. Nc3 d5 4. Bf4 Bg7 5. Rc1 O-O 6. e3 dxc4 7. Bxc4 Nbd7 8.
Nf3 c5 9. d5 Nb6 10. b3 Bf5 11. O-O Ne4 12. Nxe4 Bxe4 13. d6 e6 14. Ng5 Bc6 15.
Bxe6 fxe6 16. Nxe6 Qe8 17. Nxf8 Bxf8 18. Rxc5 Rd8 19. Qd4 Bg7 20. Qd2 Nd7 21.
Rcc1 Nf6 22. Rfd1 Nd5 23. Bg3 Bh6 24. Rc5 Nf6 25. Re5 Qf7 26. Qa5 Rd7 27. Qxa7
Ng4 28. Qb8+ Bf8 29. Re8 Nf6 30. Rc8 h5 31. f3 Nh7 32. h4 g5 33. hxg5 Nxg5 34.
Bh4 Nxf3+ 35. gxf3 Qg6+ 36. Kf2 Qc2+ 37. Ke1 Rf7 38. Rxc6 bxc6 39. d7 Rxf3 40.
Qe5 Bb4+ 0-1

[Event "Europa ch 2014"]
[Site "Yerevan ARM"]
[Date "2014.03.11"]
[Round "8.30"]
[White "Balogh, Csaba"]
[Black "Quparadze, Giga"]
[Result "1-0"]
[WhiteElo "2651"]
[BlackElo "2507"]
[PlyCount "109"]
[EventDate "2014.03.03"]
[EventType "swiss"]
[EventRounds "11"]
[EventCountry "ARM"]
[Source "lmi"]
[SourceDate "2014.03.02"]

1. e4 c5 2. Nf3 e6 3. d4 cxd4 4. Nxd4 a6 5. Bd3 Nf6 6. O-O Qc7 7. Qe2 d6 8. c4
g6 9. Nc3 Bg7 10. Nf3 O-O 11. Rd1 Nc6 12. h3 Nd7 13. Be3 b6 14. Rac1 Nce5 15.
Nxe5 Nxe5 16. b3 Bb7 17. Bb1 Rfd8 18. Qd2 Bf8 19. Na4 Nd7 20. Nxb6 Nxb6 21. Qa5
Nd5 22. Rxd5 Qxa5 23. Rxa5 d5 24. cxd5 exd5 25. Rc7 Rdb8 26. Ra4 Bd6 27. Rc1
dxe4 28. Bxe4 Bxe4 29. Rxe4 a5 30. Rc6 Rb4 31. Rec4 Rxc4 32. Rxc4 Bb4 33. Kf1
h5 34. Ke2 Kf8 35. Bc5+ Ke8 36. Kd3 Rd8+ 37. Bd4 Kd7 38. Bc3 Rb8 39. Rd4+ Kc6
40. Bxb4 axb4 41. Kc4 Ra8 42. Rd2 Rb8 43. g4 hxg4 44. hxg4 Rb7 45. g5 Rb8 46.
Rd4 Rb7 47. Rd3 Kc7 48. Kc5 Kc8 49. Rd2 Rb8 50. f4 Rb7 51. Rd6 Ra7 52. Rf6 Rb7
53. Ra6 Re7 54. Ra8+ Kb7 55. Ra4 1-0